Évènements marquants des années 1960 par images - Statistiques

Statistiques générales
  • Ce quiz a été pris 66 fois
  • Le résultat moyen est 13 sur 15
Statistiques - réponses
Par images Hint Réponse % Correct
5 août 1962 Mort de {Marilyn} {Monroe}
100%
22 novembre 1963 Assassinat de {John} {F}. {Kennedy}
98%
13 août 1961 Construction du {mur} {de} {Berlin}
98%
28 avril 1969 Démission de {Charles} {de} {Gaulle}
98%
5 juillet 1962 Indépendance de l’{Algérie}
97%
26 septembre 1969 Sortie de l'album "Abbey Road" des {Beatles}
97%
28 août 1963 Discours de {Martin} {Luther} {King}, "I have a dream"
95%
24 janvier 1965 Mort de {Winston} {Churchill}
92%
6 août 1967 Sortie du film {La} {Planète} {des} {singes}
88%
15 juin 1969 Élection de {Georges} {Pompidou}
85%
20 juillet 1969 Mission {Apollo} {11}
85%
15 août 1969 Création du festival de {Woodstock}
75%
12 avril 1961 Premier vol spatial habité par {Youri} {Gagarine}
75%
17 avril 1961 Invasion de la {Baie} {des} {Cochons} à Cuba
66%
20 décembre 1962 Première {centrale} {nucléaire} française à Chinon
49%
Aucun quiz correspondant
Distribution des résultats
% des personnes avec chaque résultat
Percentile par nombre de réponses
Votre historique - résultats
Vous n’avez pas pris ce quiz